000 00309nam a2200121Ia 4500
082 _a575:578.087
_bSIN
100 _aSINGH, R K
245 0 _aBiometrical methods in quantitative genetic analysis
260 _aLudhiana
_bKalyani
_c1977
650 _aGenetic analysis
700 _aCHAUDHARY, B D
942 _cBK
999 _c36678
_d36678